[Event "Moscow-ch op Superfinal"]
[Site "Ershovo"]
[Date "2024.02.24"]
[Round "3"]
[White "Gubajdullin, Alexey"]
[Black "Garmash, Aliona"]
[Result "0-1"]
[WhiteElo "2253"]
[BlackElo "2089"]
[PlyCount "96"]
[EventDate "2024.02.23"]
[EventType "swiss"]
[EventRounds "10"]
[EventCountry "RUS"]
[SourceTitle "CB10_2024"]
[SourceDate "2024.03.06"]
[SourceVersion "1"]
[SourceVersionDate "2024.03.06"]
[SourceQuality "1"]

1. d4 d5 2. Nf3 Nf6 3. Bf4 c5 4. e3 Nc6 5. Nbd2 Bg4 6. c3 e6 7. Qb3 Qc8 8. Ne5 Nxe5 9. dxe5 c4 10. Qa4+ Nd7 11. h4 Bh5 12. e4 a6 13. f3 b5 14. Qd1 h6 15. b4 Nb6 16. Be3 Na4 17. Bd4 Be7 18. Qc2 0-0 19. g4 Bg6 20. Bg2 Rd8 21. h5 Bh7 22. f4 dxe4 23. Bxe4 Bxe4 24. Qxe4 Qd7 25. Nf3 Nxc3 26. Qc2 Nd5 27. g5 Nxb4 28. Qg2 Nd3+ 29. Kf1 Nxf4 30. Qg4 Bxg5 31. Rd1 Qd5 32. Rh2 Qe4 33. Rhd2 Qf5 34. Qxf5 exf5 35. Be3 Rxd2 36. Rxd2 Ne6 37. Bxg5 hxg5 38. Rd6 b4 39. Rc6 c3 40. Ne1 a5 41. Rc4 Rd8 42. a3 Rd4 43. Rc8+ Kh7 44. axb4 axb4 45. Rb8 Rd1 46. Ke2 Rb1 47. Rc8 b3 48. Rxc3 b2 0-1

[Event "Chigorin Memorial 30th"]
[Site "St Petersburg"]
[Date "2023.10.28"]
[Round "8"]
[White "Melnikov, Fedor"]
[Black "Garmash, Aliona"]
[Result "1/2-1/2"]
[WhiteElo "1969"]
[BlackElo "2070"]
[PlyCount "81"]
[EventDate "2023.10.21"]
[EventType "swiss"]
[EventRounds "9"]
[EventCountry "RUS"]
[SourceTitle "Mega2024 Update 01"]
[Source "Chessbase"]
[SourceDate "2023.11.12"]
[SourceVersion "1"]
[SourceVersionDate "2023.11.12"]
[SourceQuality "1"]

1. e4 e6 2. d4 d5 3. Nc3 Nf6 4. Bg5 dxe4 5. Nxe4 Nbd7 6. Nf3 h6 7. Bxf6 Nxf6 8. Bd3 Nxe4 9. Bxe4 c5 10. Qe2 Qc7 11. 0-0-0 Bd7 12. Ne5 0-0-0 13. Kb1 Be8 14. dxc5 Rxd1+ 15. Rxd1 Bxc5 16. f4 g5 17. f5 Bd6 18. Ng4 exf5 19. Bxf5+ Kb8 20. Qd3 Be7 21. Qd4 Rf8 22. g3 h5 23. Nf6 Bc6 24. Nd5 Bxd5 25. Qxd5 Rd8 26. Bd7 h4 27. gxh4 gxh4 28. h3 Qf4 29. a4 f6 30. Re1 Qd6 31. Qxd6+ Bxd6 32. Bf5 Be5 33. c3 Rd2 34. Re4 Rf2 35. Be6 Rf4 36. Rxf4 Bxf4 37. Kc2 Kc7 38. Kd3 Kd6 39. Bc8 b6 40. Ke4 Bc1 41. b3 1/2-1/2

[Event "St Petersburg Korchnoi Memorial op"]
[Site "St Petersburg"]
[Date "2023.08.23"]
[Round "8"]
[White "Garmash, Aliona"]
[Black "Goltsev, Dmitry"]
[Result "1/2-1/2"]
[WhiteElo "2097"]
[BlackElo "2251"]
[PlyCount "95"]
[EventDate "2023.08.18"]
[EventType "swiss"]
[EventRounds "9"]
[EventCountry "RUS"]
[SourceTitle "EXT 2024"]
[Source "ChessBase"]
[SourceDate "2023.10.10"]
[SourceVersion "1"]
[SourceVersionDate "2023.10.10"]
[SourceQuality "1"]

1. d4 Nf6 2. c4 e6 3. Nc3 Bb4 4. e3 b6 5. Bd3 Bb7 6. Nf3 0-0 7. 0-0 d5 8. cxd5 exd5 9. Bd2 Nbd7 10. Rc1 a6 11. Ne5 Nxe5 12. dxe5 Nd7 13. f4 Nc5 14. Bb1 d4 15. Ne2 Bxd2 16. Qxd2 d3 17. Nd4 a5 18. Nb3 Ne6 19. Qxd3 Qh4 20. Rfd1 c5 21. Qe2 Rfd8 22. Nd2 g6 23. Ne4 Bxe4 24. Bxe4 Rab8 25. a4 Qe7 26. Rxd8+ Rxd8 27. Rd1 Rxd1+ 28. Qxd1 c4 29. Qd6 Qh4 30. g3 Qg4 31. Qd2 Nc5 32. Bd5 Qd7 33. Qd4 Nxa4 34. Qxc4 Nxb2 35. Qa2 Kf8 36. e4 Nd3 37. Qb3 Nb4 38. Qc4 Qe7 39. Kf1 Qc5 40. Ke2 Nxd5 41. Qxc5+ bxc5 42. exd5 a4 43. Kd3 a3 44. Kc3 c4 45. g4 Ke7 46. f5 gxf5 47. gxf5 f6 48. e6 1/2-1/2

[Event "St Petersburg Korchnoi Memorial op"]
[Site "St Petersburg"]
[Date "2023.08.21"]
[Round "6"]
[White "Garmash, Aliona"]
[Black "Yashchuk, Mikhail"]
[Result "1/2-1/2"]
[WhiteElo "2097"]
[BlackElo "1850"]
[PlyCount "81"]
[EventDate "2023.08.18"]
[EventType "swiss"]
[EventRounds "9"]
[EventCountry "RUS"]
[SourceTitle "EXT 2024"]
[Source "ChessBase"]
[SourceDate "2023.10.10"]
[SourceVersion "1"]
[SourceVersionDate "2023.10.10"]
[SourceQuality "1"]

1. d4 d5 2. Nf3 Nf6 3. c4 dxc4 4. e3 a6 5. Bxc4 e6 6. 0-0 c5 7. b3 b5 8. Be2 Bb7 9. Nbd2 Nbd7 10. Bb2 Be7 11. a4 bxa4 12. Rxa4 Nb6 13. Ra2 0-0 14. Qa1 Nbd5 15. dxc5 Bxc5 16. Rd1 Qe7 17. Nc4 Nb4 18. Ra5 Rac8 19. Nfe5 Rfd8 20. Nd3 Nxd3 21. Bxd3 Rd5 22. Ne5 Bb4 23. Rxd5 Nxd5 24. Rc1 Rxc1+ 25. Qxc1 Qc7 26. Qxc7 Nxc7 27. e4 a5 28. f3 Na6 29. Bc4 Nc5 30. Nd3 Nxd3 31. Bxd3 Bc6 32. Kf1 a4 33. bxa4 Bxa4 34. Bc4 Bc6 35. Ke2 h5 36. Be5 Bc5 37. Kf1 Bb4 38. Ke2 Bc5 39. Kf1 Bb6 40. Ke2 Bg1 41. Kf1 1/2-1/2

[Event "Moscow (Women) op 19th"]
[Site "Moscow"]
[Date "2023.07.19"]
[Round "3"]
[White "Badelka, Olga"]
[Black "Garmash, Aliona"]
[Result "1-0"]
[WhiteElo "2397"]
[BlackElo "2066"]
[PlyCount "67"]
[EventDate "2023.07.17"]
[EventType "swiss"]
[EventRounds "9"]
[EventCountry "RUS"]
[SourceTitle "CBM 215 Extra"]
[Source "ChessBase"]
[SourceDate "2023.09.30"]
[SourceVersion "1"]
[SourceVersionDate "2023.09.30"]
[SourceQuality "1"]

1. e4 c5 2. Nf3 d6 3. Bb5+ Nd7 4. 0-0 a6 5. Bd3 Ngf6 6. Re1 b5 7. a4 c4 8. Bf1 Bb7 9. axb5 axb5 10. Rxa8 Qxa8 11. Na3 Bxe4 12. Nxb5 Qb8 13. Bxc4 d5 14. Bf1 e6 15. d4 Be7 16. Ne5 Nxe5 17. dxe5 Qxe5 18. f3 Bxc2 19. Qd2 Bc5+ 20. Kh1 Be4 21. b4 Bb6 22. Bb2 d4 23. Bxd4 Bxd4 24. Nxd4 0-0 25. fxe4 Nxe4 26. Qe3 f5 27. Bd3 Rc8 28. Bxe4 fxe4 29. h3 Rc4 30. Nf3 Qd5 31. Ng5 Rxb4 32. Nxe4 Rb2 33. Qc3 Rb8 34. Nf6+ 1-0

[Event "RUS-chT (Women)"]
[Site "Sochi"]
[Date "2023.05.05"]
[Round "5.1"]
[White "Voit, Daria"]
[Black "Garmash, Aliona"]
[Result "1-0"]
[WhiteElo "2349"]
[BlackElo "2039"]
[PlyCount "79"]
[EventDate "2023.05.01"]
[EventType "team-swiss"]
[EventRounds "9"]
[EventCountry "RUS"]
[SourceTitle "CBM 214 Extra"]
[Source "ChessBase"]
[SourceDate "2023.07.31"]
[SourceVersion "1"]
[SourceVersionDate "2023.07.31"]
[SourceQuality "1"]
[WhiteTeam "Moscow Sbornaya (W)"]
[BlackTeam "St Petersburg SSHOR (W)"]
[WhiteTeamCountry "RUS"]
[BlackTeamCountry "RUS"]

1. d4 d5 2. c4 c6 3. Nf3 Nf6 4. e3 Bg4 5. h3 Bh5 6. g4 Bg6 7. Ne5 Bxb1 8. Rxb1 e6 9. c5 Nbd7 10. Nxd7 Nxd7 11. b4 e5 12. b5 Qc7 13. Bd2 Be7 14. Qa4 exd4 15. exd4 0-0 16. bxc6 bxc6 17. Ba6 Bxc5 18. Rb7 Qd6 19. Rxd7 Qxd7 20. dxc5 Rae8+ 21. Kd1 f5 22. Bd3 f4 23. Qd4 Qe7 24. h4 Qe6 25. Rg1 Qh6 26. Rh1 Qe6 27. g5 Qg4+ 28. Kc2 Re7 29. Bc3 Rff7 30. h5 Qxg5 31. h6 Qg2 32. Rh5 Qg4 33. Re5 Kf8 34. Rxe7 Rxe7 35. hxg7+ Kg8 36. Qf6 Re8 37. Qxc6 Qe6 38. Qxe6+ Rxe6 39. Bf5 Ra6 40. Bd7 1-0

[Event "RUS-chT (Women)"]
[Site "Sochi"]
[Date "2023.05.02"]
[Round "2.2"]
[White "Nur Mukhametova, Alisa"]
[Black "Garmash, Aliona"]
[Result "0-1"]
[WhiteElo "2170"]
[BlackElo "2039"]
[PlyCount "135"]
[EventDate "2023.05.01"]
[EventType "team-swiss"]
[EventRounds "9"]
[EventCountry "RUS"]
[SourceTitle "CBM 214 Extra"]
[Source "ChessBase"]
[SourceDate "2023.07.31"]
[SourceVersion "1"]
[SourceVersionDate "2023.07.31"]
[SourceQuality "1"]
[WhiteTeam "Tatarstan Ladya (W)"]
[BlackTeam "St Petersburg SSHOR (W)"]
[WhiteTeamCountry "RUS"]
[BlackTeamCountry "RUS"]

1. d4 d5 2. c4 c6 3. Nf3 Nf6 4. Nc3 dxc4 5. a4 Bf5 6. e3 e6 7. a5 Bb4 8. Qa4 Qe7 9. Bxc4 0-0 10. 0-0 Nbd7 11. Be2 Ne4 12. Nxe4 Bxe4 13. Bd2 Bd6 14. Bc3 Nf6 15. Rfd1 Nd5 16. Be1 Nb4 17. Bxb4 Bxb4 18. a6 b5 19. Qb3 Rab8 20. Ne5 Bd6 21. Bd3 Bxd3 22. Nxd3 c5 23. dxc5 Bxc5 24. Ne5 Bd6 25. Nc6 Bxh2+ 26. Kf1 Qh4 27. Nxb8 Bxb8 28. Qxb5 Qh1+ 29. Ke2 Qxg2 30. Rg1 Qe4 31. Qa4 Qe5 32. Rad1 Qxb2+ 33. Rd2 Qb6 34. Rg5 h6 35. Rb5 Qc6 36. Rc2 Qg2 37. Qh4 Qg1 38. Qd4 Qg2 39. Rb1 Bg3 40. Rf1 Bb8 41. Rc4 Qg5 42. Qc5 e5 43. Qc6 Rd8 44. Rh1 f5 45. Qa4 f4 46. exf4 exf4 47. Re4 Be5 48. Qb3+ Kh8 49. Qf3 Qf6 50. Kf1 Qxa6+ 51. Kg2 Qg6+ 52. Kh3 Qf5+ 53. Kg2 Rc8 54. Rd1 Rc3 55. Rd3 Qg6+ 56. Kf1 Rc1+ 57. Re1 Rxe1+ 58. Kxe1 a5 59. Ke2 Kh7 60. Qd5 Bf6 61. Qxa5 Qe4+ 62. Kd2 f3 63. Qb5 Qe2+ 64. Kc1 Qf1+ 65. Kc2 Qxf2+ 66. Rd2 Qg3 67. Qf5+ Qg6 68. Qxg6+ 0-1

[Event "Titled Tuesday intern op 25th Apr Late"]
[Site "Chess.com INT"]
[Date "2023.04.25"]
[Round "11"]
[White "Erzhanov, Arman"]
[Black "Garmash, Aliona"]
[Result "1-0"]
[WhiteElo "2228"]
[BlackElo "2039"]
[PlyCount "67"]
[EventDate "2023.04.25"]
[EventType "swiss (blitz)"]
[EventRounds "11"]
[EventCountry "USA"]
[SourceTitle "EXT 2024"]
[Source "ChessBase"]
[SourceDate "2023.10.10"]
[SourceVersion "1"]
[SourceVersionDate "2023.10.10"]
[SourceQuality "1"]

1. e4 g6 2. d4 Bg7 3. Nc3 d6 4. h3 Nf6 5. g4 h5 6. g5 Nfd7 7. Bg2 e6 8. h4 c5 9. d5 Ne5 10. Nge2 0-0 11. f4 Ng4 12. dxe6 fxe6 13. 0-0 Nc6 14. Kh1 Rb8 15. a4 b6 16. Ng3 Bb7 17. Bf3 Nd4 18. Bxg4 hxg4 19. Qxg4 Qe7 20. Rf2 a6 21. h5 gxh5 22. Qxh5 Ra8 23. Rh2 b5 24. Be3 b4 25. Nd1 a5 26. Nf2 Rac8 27. Ng4 Rf7 28. g6 Rf6 29. Qh7+ Kf8 30. Rf1 Bc6 31. b3 Qe8 32. Nxf6 Bxf6 33. f5 e5 34. Bh6+ 1-0

[Event "Titled Tuesday intern op 25th Apr Late"]
[Site "Chess.com INT"]
[Date "2023.04.25"]
[Round "4"]
[White "Garmash, Aliona"]
[Black "Jovic, Stanoje"]
[Result "1-0"]
[WhiteElo "2039"]
[BlackElo "2087"]
[PlyCount "117"]
[EventDate "2023.04.25"]
[EventType "swiss (blitz)"]
[EventRounds "11"]
[EventCountry "USA"]
[SourceTitle "EXT 2024"]
[Source "ChessBase"]
[SourceDate "2023.10.10"]
[SourceVersion "1"]
[SourceVersionDate "2023.10.10"]
[SourceQuality "1"]

1. d4 Nf6 2. c4 e6 3. Nf3 b6 4. g3 Ba6 5. Qc2 d5 6. cxd5 exd5 7. Bg2 Bb4+ 8. Nc3 0-0 9. 0-0 Re8 10. Re1 c5 11. Bd2 Nc6 12. dxc5 bxc5 13. a3 Bxc3 14. Bxc3 d4 15. Bd2 c4 16. Qa4 Qb6 17. Bf4 Bb5 18. Qc2 Rad8 19. Nd2 Rxe2 20. Rxe2 d3 21. Nxc4 dxc2 22. Nxb6 Rd1+ 23. Re1 Rxa1 24. Rxa1 axb6 25. Bxc6 Bxc6 26. Re1 h6 27. Bc1 g5 28. Re3 Kh7 29. Rc3 Be4 30. f3 Bg6 31. Kf2 Nd5 32. Rc6 b5 33. Rc5 Nb6 34. Rxb5 Nc4 35. Rc5 Nb6 36. b3 Nd7 37. Rc3 Nb6 38. a4 Nd5 39. Rc4 Nb6 40. Rd4 Na8 41. a5 Nc7 42. Rd6 Nb5 43. Rb6 Nc3 44. a6 Na2 45. Bd2 c1Q 46. Bxc1 Nxc1 47. a7 Nd3+ 48. Ke3 Ne1 49. a8Q Nc2+ 50. Kd2 Nd4 51. Rb8 h5 52. Rh8+ Kg7 53. Qf8+ Kf6 54. Qd6+ Ne6 55. b4 g4 56. fxg4 hxg4 57. Re8 Kf5 58. Rxe6 fxe6 59. Qf4# 1-0

[Event "Titled Tuesday intern op 25th Apr Late"]
[Site "Chess.com INT"]
[Date "2023.04.25"]
[Round "7"]
[White "Prydun, Andriy"]
[Black "Garmash, Aliona"]
[Result "0-1"]
[WhiteElo "2134"]
[BlackElo "2039"]
[PlyCount "88"]
[EventDate "2023.04.25"]
[EventType "swiss (blitz)"]
[EventRounds "11"]
[EventCountry "USA"]
[SourceTitle "EXT 2024"]
[Source "ChessBase"]
[SourceDate "2023.10.10"]
[SourceVersion "1"]
[SourceVersionDate "2023.10.10"]
[SourceQuality "1"]

1. e4 g6 2. d4 Bg7 3. Nc3 d6 4. Be3 a6 5. a4 Nd7 6. Nge2 Ngf6 7. h3 e6 8. g3 0-0 9. Bg2 Qe7 10. 0-0 c5 11. d5 Rb8 12. a5 Ne5 13. b3 exd5 14. exd5 Qc7 15. g4 Ne8 16. Qd2 f5 17. f4 Nf7 18. g5 h6 19. h4 h5 20. Rfb1 b6 21. b4 bxa5 22. bxc5 Rxb1+ 23. Rxb1 dxc5 24. Na4 Ned6 25. Bxc5 Re8 26. Qd3 Bd7 27. Bxd6 Nxd6 28. Nb6 Bb5 29. c4 Qxb6+ 30. Kh2 Re3 31. Qd2 Nxc4 32. Qc1 Rxe2 33. Qxc4 Bxc4 34. Rxb6 Bxd5 35. Rb8+ Kh7 36. Kh3 Bxg2+ 37. Kg3 Be4 38. Kh3 Re3+ 39. Kh2 a4 40. Kg1 a3 41. Kf2 Rf3+ 42. Kg2 a2 43. Kh2 a1Q 44. Rh8+ Kxh8 0-1

[Event "Titled Tuesday intern op 18th Apr Late"]
[Site "Chess.com INT"]
[Date "2023.04.18"]
[Round "9"]
[White "Garmash, Aliona"]
[Black "Atanasov, Radislav"]
[Result "0-1"]
[WhiteElo "2039"]
[BlackElo "2025"]
[PlyCount "66"]
[EventDate "2023.04.18"]
[EventType "swiss (blitz)"]
[EventRounds "11"]
[EventCountry "USA"]
[SourceTitle "EXT 2024"]
[Source "ChessBase"]
[SourceDate "2023.10.10"]
[SourceVersion "1"]
[SourceVersionDate "2023.10.10"]
[SourceQuality "1"]

1. d4 Nf6 2. c4 c5 3. d5 e6 4. Nc3 exd5 5. cxd5 d6 6. Nf3 g6 7. Bf4 Bg7 8. Qa4+ Bd7 9. Qb3 b5 10. Bxd6 Qb6 11. Be5 0-0 12. e3 c4 13. Qd1 b4 14. Nb1 Rc8 15. Be2 Bf5 16. Nbd2 c3 17. bxc3 bxc3 18. Nc4 c2 19. Qc1 Qb4+ 20. Nfd2 Nbd7 21. Bd4 Nxd5 22. Bxg7 Kxg7 23. a3 Qa4 24. 0-0 Rab8 25. e4 Nf4 26. Bf3 Nd3 27. exf5 Nxc1 28. Raxc1 Rxc4 29. Nxc4 Qxc4 30. fxg6 hxg6 31. Rfe1 Nc5 32. h3 Rb2 33. Be4 Nb3 0-1

[Event "Cheliabinsk Lozovatsky Memorial-B"]
[Site "Cheliabinsk"]
[Date "2023.01.31"]
[Round "5"]
[White "Kaldarova, Ayaulym"]
[Black "Garmash, Aliona"]
[Result "0-1"]
[WhiteElo "1822"]
[BlackElo "2045"]
[PlyCount "78"]
[EventDate "2023.01.27"]
[EventType "swiss"]
[EventRounds "10"]
[EventCountry "RUS"]
[SourceTitle "CBM 212 Extra"]
[Source "ChessBase"]
[SourceDate "2023.03.31"]
[SourceVersion "1"]
[SourceVersionDate "2023.03.31"]
[SourceQuality "1"]

1. Nf3 d5 2. g3 Nd7 3. d4 Nb6 4. Bg2 Bf5 5. Nc3 e6 6. Nh4 Bg4 7. h3 Bh5 8. 0-0 Be7 9. Nf3 Nf6 10. g4 Bg6 11. Ne5 Nfd7 12. Nxg6 hxg6 13. e4 c6 14. a4 a6 15. Rb1 dxe4 16. b4 Nf6 17. b5 axb5 18. axb5 Nbd5 19. Ne2 cxb5 20. Rxb5 Qc7 21. Rb3 Nxg4 22. Ng3 Ngf6 23. Qe2 0-0 24. c4 Nb4 25. Nxe4 Nc6 26. Be3 Na5 27. Rc3 Rfc8 28. Rfc1 Nd7 29. d5 Ra6 30. c5 exd5 31. Nd6 Rf8 32. Bf4 Nf6 33. Rd3 Nh5 34. Bh2 Bxd6 35. Bxd6 Rxd6 36. Qd2 Rdd8 37. Bxd5 Rxd5 38. Rxd5 Nb3 39. Rd7 Qc6 0-1

[Event "Cheliabinsk Lozovatsky Memorial-B"]
[Site "Cheliabinsk"]
[Date "2023.01.27"]
[Round "1"]
[White "Matsenko, Elena"]
[Black "Garmash, Aliona"]
[Result "0-1"]
[WhiteElo "1673"]
[BlackElo "2045"]
[PlyCount "82"]
[EventDate "2023.01.27"]
[EventType "swiss"]
[EventRounds "10"]
[EventCountry "RUS"]
[SourceTitle "CBM 212 Extra"]
[Source "ChessBase"]
[SourceDate "2023.03.31"]
[SourceVersion "1"]
[SourceVersionDate "2023.03.31"]
[SourceQuality "1"]

1. d4 d5 2. c4 c6 3. cxd5 cxd5 4. Bf4 Nc6 5. Nc3 Nf6 6. e3 a6 7. Bd3 Bg4 8. Nge2 Bxe2 9. Bxe2 e6 10. Rc1 Bd6 11. Bxd6 Qxd6 12. 0-0 0-0 13. Na4 Na5 14. Nc5 b5 15. Bd3 Rfc8 16. Qe2 Nd7 17. Nxd7 Qxd7 18. Rc2 Nc6 19. Qd2 g6 20. Rfc1 Nd8 21. g3 Nb7 22. Kg2 Nd6 23. b3 Rxc2 24. Rxc2 Rc8 25. Rxc8+ Qxc8 26. Qb4 Qc7 27. a4 bxa4 28. Qxa4 a5 29. b4 axb4 30. Qxb4 Kg7 31. h4 h5 32. Qb3 Nb7 33. Qb5 Na5 34. e4 dxe4 35. Bxe4 Nc4 36. Qc5 Qxc5 37. dxc5 Kf6 38. f4 Ke7 39. Kf2 Na5 40. Ke3 Nb3 41. c6 Kd6 0-1

[Event "Titled Tuesday intern op 17th Jan Early"]
[Site "Chess.com INT"]
[Date "2023.01.17"]
[Round "1"]
[White "Garmash, Aliona"]
[Black "Maksimenko, Viktor"]
[Result "1-0"]
[WhiteElo "2045"]
[BlackElo "2196"]
[PlyCount "45"]
[EventDate "2023.01.17"]
[EventType "swiss (blitz)"]
[EventRounds "11"]
[EventCountry "USA"]
[SourceTitle "CBM 212 Extra"]
[Source "ChessBase"]
[SourceDate "2023.03.31"]
[SourceVersion "1"]
[SourceVersionDate "2023.03.31"]
[SourceQuality "1"]

1. d4 Nf6 2. c4 e6 3. Nf3 d5 4. Nc3 c5 5. cxd5 cxd4 6. Qxd4 exd5 7. e4 dxe4 8. Qxd8+ Kxd8 9. Ng5 Be6 10. Nxe6+ fxe6 11. Bg5 h6 12. Bxf6+ gxf6 13. Nxe4 Ke7 14. 0-0-0 Bg7 15. Kb1 Nc6 16. Bc4 Ne5 17. Bb3 Rac8 18. Rhe1 Rc6 19. f4 Nf7 20. f5 exf5 21. Nd6+ Ne5 22. Nxf5+ Kf8 23. Rd8# 1-0